[Event "AUTO-OPEN-2332"]
[Site "http://www.queenalice.com/game.php?id=926006"]
[Date "2011.4.14"]
[Round "1"]
[White "miguel_loki"]
[Black "MasterYoda"]
[Result "0-1"]
[WhiteElo "1155"]
[BlackElo "1336"]

1. e4 c6 2. Nf3 d5 3. exd5 cxd5 4. Bb5+ Bd7 5. Bxd7+ Qxd7 6. O-O Nc6 7. Qe2 Nf6
8. Nc3 e6 9. a4 Bd6 10. b3 O-O 11. Ba3 Bxa3 12. Rxa3 Rfe8 13. a5 e5 14. Na4 e4
15. Ng5 Ng4 16. Nh3 Nxh2 17. Kxh2 Qd6+ 18. Kg1 Qxa3 0-1

[Event "AUTO-OPEN-2332"]
[Site "http://www.queenalice.com/game.php?id=926007"]
[Date "2011.4.14"]
[Round "1"]
[White "MasterYoda"]
[Black "miguel_loki"]
[Result "1-0"]
[WhiteElo "1300"]
[BlackElo "1155"]

1. d4 e6 2. c4 Nf6 3. Nf3 Bb4+ 4. Nc3 Bxc3+ 5. bxc3 O-O 6. g3 Ne4 7. Qc2 Nd6 8.
e4 Na6 9. Bd3 b6 10. e5 Nf5 11. Bxf5 exf5 12. Qxf5 d6 13. Qh5 h6 14. O-O Be6 15.
d5 Bd7 16. Re1 dxe5 17. Nxe5 Be8 18. Qg4 Nc5 19. Bxh6 1-0

[Event "AUTO-OPEN-2332"]
[Site "http://www.queenalice.com/game.php?id=926036"]
[Date "2011.4.14"]
[Round "1"]
[White "MasterYoda"]
[Black "BobGomes"]
[Result "1-0"]
[WhiteElo "1300"]
[BlackElo "2111"]

1. d4 d5 2. c4 dxc4 3. Nc3 c6 4. a4 Bd7 5. Nf3 b5 6. axb5 cxb5 7. e3 e6 8. Ne5
Qf6 9. Nxd7 Nxd7 10. Nxb5 Nb6 11. Nc7+ Kd8 12. Nxa8 Nxa8 13. Rxa7 Nc7 14. Qa4
1-0

[Event "AUTO-OPEN-2332"]
[Site "http://www.queenalice.com/game.php?id=926037"]
[Date "2011.4.14"]
[Round "1"]
[White "BobGomes"]
[Black "MasterYoda"]
[Result "0-1"]
[WhiteElo "2060"]
[BlackElo "1364"]

1. e4 e5 2. Nf3 Nc6 3. Bc4 Bc5 4. a3 Nf6 5. d3 d5 6. exd5 Nxd5 7. Bg5 Nf6 8. h3
e4 9. Qe2 O-O 10. dxe4 Re8 11. O-O h6 12. Bxf6 Qxf6 13. Nc3 Ne5 14. Nxe5 Rxe5
15. Nd5 Qd8 16. Rad1 c6 17. Nc3 Qc7 18. Kh1 b5 19. Bb3 Bb7 20. f3 a5 21. Rd3 Ba6
22. Nd1 b4 23. axb4 Bxd3 24. Qxd3 axb4 25. Ne3 Rd8 26. Qe2 Bxe3 27. Qxe3 Re7 28.
Bc4 Red7 29. Bd3 b3 30. Rd1 bxc2 0-1

[Event "AUTO-OPEN-2332"]
[Site "http://www.queenalice.com/game.php?id=926038"]
[Date "2011.4.14"]
[Round "1"]
[White "MasterYoda"]
[Black "Pcchess"]
[Result "0-1"]
[WhiteElo "1364"]
[BlackElo "2180"]

1. d4 Nf6 2. Nf3 g6 3. Bf4 Bg7 4. c4 d6 5. Nc3 O-O 6. e4 Nbd7 7. Be2 c5 8. d5 a6
9. O-O Nh5 10. Bg3 Nxg3 11. hxg3 Ne5 12. Nxe5 Bxe5 13. Qd2 f5 14. Bd3 f4 15.
gxf4 Rxf4 16. Ne2 Rf7 17. f4 Bg7 18. Rae1 Bd7 19. f5 gxf5 20. exf5 Qf8 21. Qf4
Be5 22. Qh4 Rf6 23. g4 Qh6 24. Qxh6 Rxh6 25. Rf2 Rh3 26. Bc2 b5 27. b3 bxc4 28.
bxc4 Rb8 29. Rb1 Rxb1+ 30. Bxb1 Ba4 31. Kg2 Rh4 32. Kf3 Bd1 33. Rg2 Kg7 34. Kf2
h6 35. Be4 Kf6 36. Bf3 Kg5 37. Ng1 Bd4+ 38. Kg3 Bxf3 0-1

[Event "AUTO-OPEN-2332"]
[Site "http://www.queenalice.com/game.php?id=926039"]
[Date "2011.4.14"]
[Round "1"]
[White "Pcchess"]
[Black "MasterYoda"]
[Result "1-0"]
[WhiteElo "2179"]
[BlackElo "1364"]

1. e4 e5 2. Nf3 Nf6 3. d4 Nxe4 4. Nxe5 d5 5. c4 Bb4+ 6. Bd2 Bxd2+ 7. Nxd2 Nxd2
8. Qxd2 O-O 9. Be2 f6 10. Nf3 dxc4 11. Bxc4+ Kh8 12. O-O Bg4 13. Be2 c6 14. Rad1
Re8 15. Rfe1 Nd7 16. Qf4 Bh5 17. Qh4 Bg6 18. Bc4 Nb6 19. Rxe8+ Qxe8 20. Bb3 Qd7
21. Qg3 Re8 22. Nh4 Bf7 23. Bc2 Qxd4 24. h3 Qxb2 25. Qd3 g6 26. a4 Kg7 27. a5
Nc4 28. Rb1 Qe5 29. Rxb7 Nxa5 30. Nxg6 Qe1+ 31. Kh2 Nxb7 32. Nf4 Qxf2 33. Qxh7+
Kf8 34. Qh6+ Ke7 35. Bf5 1-0

[Event "Let's Play Chess!"]
[Site "http://www.queenalice.com/game.php?id=926790"]
[Date "2011.4.17"]
[Round "-"]
[White "Aldino"]
[Black "MasterYoda"]
[Result "0-1"]
[WhiteElo "2135"]
[BlackElo "1300"]

1. e4 e5 2. Nf3 Nf6 3. d3 Nc6 4. Nc3 d5 5. Bg5 dxe4 6. Nxe4 Be7 7. Nxf6+ Bxf6 8.
Bxf6 Qxf6 9. c3 Bf5 10. Be2 Rd8 11. Qc2 O-O 12. Rd1 Rd7 13. O-O Rfd8 14. a3 g5
15. Ne1 Qg6 16. f3 Na5 17. b3 c5 18. c4 Qb6 19. Rb1 Nc6 20. Rf2 f6 21. g4 Bg6
22. Bf1 Nd4 23. Qd1 Ne6 24. Rd2 Nf4 25. Rc1 e4 26. fxe4 Bxe4 27. Rc3 Qe6 28. Bg2
Bxg2 29. Nxg2 Nh3+ 30. Kh1 Rxd3 31. Rcxd3 Rxd3 32. Qe2 Qxe2 33. Rxe2 Rxb3 34.
Re3 Rb1+ 35. Re1 Nf2+ 36. Kg1 Rxe1+ 37. Nxe1 Nxg4 0-1

[Event "Let's Play Chess!"]
[Site "http://www.queenalice.com/game.php?id=926791"]
[Date "2011.4.17"]
[Round "-"]
[White "MasterYoda"]
[Black "R0ni"]
[Result "0-1"]
[WhiteElo "1300"]
[BlackElo "2332"]

1. d4 Nf6 2. Nf3 d5 3. Bf4 c5 4. e3 Qb6 5. dxc5 Qxb2 6. Nbd2 e6 7. Nb3 Nc6 8.
Bb5 Be7 9. a4 Qc3+ 10. Qd2 Qxd2+ 11. Nfxd2 O-O 12. O-O e5 13. Bxc6 exf4 14. exf4
bxc6 15. Rfe1 Re8 16. c4 Ba6 17. cxd5 Nxd5 18. g3 Bf6 19. Rac1 Be2 20. Kg2 Bc3
21. f3 Bd3 0-1

[Event "Let's Play Chess!"]
[Site "http://www.queenalice.com/game.php?id=926793"]
[Date "2011.4.17"]
[Round "-"]
[White "R0ni"]
[Black "MasterYoda"]
[Result "1-0"]
[WhiteElo "2333"]
[BlackElo "1300"]

1. d4 Nf6 2. Nf3 e6 3. c4 c6 4. Nc3 d5 5. e3 Nbd7 6. Bd3 dxc4 7. Bxc4 b5 8. Bd3
a6 9. e4 Bb7 10. e5 Nd5 11. Nxd5 cxd5 12. O-O Rc8 13. a4 b4 14. a5 Be7 15. Qa4
Rb8 16. Bd2 Bc8 17. Rfc1 O-O 18. Qc2 f5 19. Qc6 Kh8 20. Bxa6 Bxa6 21. Qxa6 g5
22. Qxe6 g4 23. Ne1 Ra8 24. Nd3 1-0

[Event "Let's Play Chess!"]
[Site "http://www.queenalice.com/game.php?id=930434"]
[Date "2011.4.26"]
[Round "-"]
[White "pdunlop"]
[Black "MasterYoda"]
[Result "1-0"]
[WhiteElo "1867"]
[BlackElo "1364"]

1. a3 d5 2. d4 Nf6 3. Nc3 Bf5 4. Nf3 Nbd7 5. Bf4 Nh5 6. Nxd5 Nxf4 7. Nxf4 e6 8.
e3 c5 9. dxc5 Bxc5 10. b4 Bb6 11. Bb5 a6 12. Ba4 Ke7 13. Nh4 Be4 14. Qg4 Qf8 15.
Bxd7 Kxd7 16. Nxe6 fxe6 17. Qxe4 Qc8 18. O-O-O+ Ke7 19. Nf5+ Kf6 20. Nd6 Qc3 21.
Qf3+ Kg6 22. Qf7+ Kh6 23. Qxe6+ g6 24. Nf5+ Kh5 25. g4+ Kxg4 26. Qe4+ Kg5 27.
Rdg1+ Kf6 28. Qe7+ 1-0

[Event "Let's Play Chess!"]
[Site "http://www.queenalice.com/game.php?id=930435"]
[Date "2011.4.30"]
[Round "-"]
[White "MasterYoda"]
[Black "Abstro"]
[Result "1-0"]
[WhiteElo "1300"]
[BlackElo "1898"]

1. e4 e5 2. Nf3 Nc6 3. Bb5 h6 4. O-O Bc5 5. c3 a6 6. Ba4 b5 7. Bb3 Qf6 8. a4 b4
9. d4 exd4 10. e5 Qe7 11. cxd4 1-0

[Event "Let's Play Chess!"]
[Site "http://www.queenalice.com/game.php?id=930436"]
[Date "2011.4.26"]
[Round "-"]
[White "Taurus"]
[Black "MasterYoda"]
[Result "0-1"]
[WhiteElo "1991"]
[BlackElo "1364"]

1. e4 e5 2. Nf3 Nc6 3. Bb5 a6 4. Ba4 Nf6 5. Nc3 b5 6. Bb3 Be7 7. O-O O-O 8. d4
Nxd4 9. Nxd4 exd4 10. Qxd4 c5 11. Qd3 c4 12. Bxc4 bxc4 13. Qxc4 Bb7 14. Bf4 Rc8
15. Qd3 Bb4 0-1

[Event "Let's Play Chess!"]
[Site "http://www.queenalice.com/game.php?id=936829"]
[Date "2011.5.14"]
[Round "-"]
[White "MasterYoda"]
[Black "breno33"]
[Result "0-1"]
[WhiteElo "1364"]
[BlackElo "1889"]

1. d4 e6 2. Nf3 c5 3. c4 b5 4. cxb5 a6 5. e3 Bb7 6. Nc3 Nf6 7. Be2 axb5 8. Bxb5
Ne4 9. Nxe4 Bxe4 10. O-O f5 11. Qb3 Bd5 12. Bc4 Bxc4 13. Qxc4 cxd4 14. Nxd4 Qe7
15. Bd2 Qc5 16. Qd3 Nc6 17. Rac1 Qd6 18. Qc4 Ne5 19. Qb3 Rb8 20. Qc2 g6 21. a3
Bg7 22. h3 O-O 23. b4 Qa6 24. Qb3 Rfc8 25. Rxc8+ Rxc8 26. Rc1 Rxc1+ 27. Bxc1 Nd3
28. b5 Nxc1 0-1

[Event "Let's Play Chess!"]
[Site "http://www.queenalice.com/game.php?id=936830"]
[Date "2011.5.16"]
[Round "-"]
[White "MariusLola"]
[Black "MasterYoda"]
[Result "0-1"]
[WhiteElo "1856"]
[BlackElo "1364"]

1. e4 c6 2. d4 d5 3. e5 Bf5 4. Nf3 e6 5. Bd3 Ne7 6. O-O c5 7. Bxf5 Nxf5 8. c3
Nc6 9. a3 a5 10. Bg5 Qb6 11. b3 cxd4 12. cxd4 Ncxd4 13. Nxd4 Qxd4 14. Qxd4 Nxd4
15. Nd2 Be7 16. Bxe7 Kxe7 17. b4 Rhc8 18. bxa5 Rxa5 19. f3 Rc2 20. Rfd1 Ne2+ 21.
Kf1 Nc3 22. Rdc1 Rxc1+ 23. Rxc1 Rxa3 24. Nb1 Ra1 25. Rxc3 Rxb1+ 26. Kf2 Kd7 27.
Rc2 f6 28. exf6 gxf6 29. Kg3 b5 30. f4 b4 31. Kg4 b3 32. Rc5 b2 33. Rb5 d4 34.
Kf3 Rf1+ 35. Ke2 b1=Q 36. Rxb1 Rxb1 37. h4 e5 38. fxe5 fxe5 39. Kd3 Ke6 40. Ke4
Re1+ 41. Kd3 Kf5 42. Kd2 Re3 43. Kd1 Kf4 0-1

[Event "Let's Play Chess!"]
[Site "http://www.queenalice.com/game.php?id=936831"]
[Date "2011.5.12"]
[Round "-"]
[White "breno33"]
[Black "MasterYoda"]
[Result "1-0"]
[WhiteElo "1891"]
[BlackElo "1364"]

1. e4 e5 2. d4 exd4 3. c3 dxc3 4. Bc4 d6 5. Nf3 Be7 6. Qb3 Nh6 7. Bxh6 O-O 8.
Bf4 cxb2 9. Qxb2 Nc6 10. O-O Bg4 11. Nbd2 Bf6 12. Qxb7 Na5 13. Qd5 Nxc4 14. Qxc4
Bxa1 15. Rxa1 Rb8 16. Nd4 c5 17. Nc6 Qf6 18. e5 dxe5 19. Bxe5 Qxc6 20. Bxb8 Be6
21. Qf4 c4 22. Bxa7 c3 23. Nb3 Ra8 24. Nd4 Qa4 25. Nxe6 Qxa7 26. Nd4 Qa4 27. Rb1
h6 28. Rb8+ Rxb8 29. Qxb8+ Kh7 30. Qb1+ g6 31. Ne2 c2 32. Qb3 Qe4 33. Qe3 Qb4
34. Nc1 f5 35. Qe2 g5 36. g4 1-0